000
00332nam a2200145Ia 4500
008
230711s9999||||xx |||||||||||||| ||und||
041
_a
ENG
082
_a
720
_b
RI-M
100
_a
Rik ,Muhamad
245
0
_a
Masashru takasaki architects
250
_a
2nd
260
_c
1988
_a
New York
_b
Wendy W
650
_a
Architecture
942
_c
BK
999
_c
409
_d
409